O casamento da lua: contos de amor (Record no. 127721)

MARC details
000 -LÍDER
campo de controle de tamanho fixo 01687 a2200277 4500
001 - NÚMERO DE CONTROLE
campo de controle 127721
020 ## - ISBN - INTERNATIONAL STANDARD BOOK NUMBER
ISBN - International Standard Book Number 9788565771023
040 ## - FONTE DA CATALOGAÇÃO
Instituição que transcreveu o registro Escola Canadense de Niteroi
090 ## - NÚMERO DE CHAMADA LOCAL
Número de chamada (OCLC) (R); Número de chamada, CALL (RLIN) (NR) ASS
100 ## - ENTRADA PRINCIPAL--NOME PESSOAL
Nome pessoal Assis, Machado de
245 10 - TÍTULO
Título O casamento da lua: contos de amor
250 ## - EDIÇÃO
Edição 1. ed.
260 ## - PUBLICAÇÃO, DISTRIBUIÇÃO, ETC.
Local de publicação, distribuição, etc. São Paulo
300 ## - DESCRIÇÃO FÍSICA
Extensão 127 p.
Dimensões 8 x 13.6 x 1 cm
362 0# - DATAS DE PUBLICAÇÃO E/OU DESIGNAÇÃO SEQUENCIAL
Datas de publicação e/ou designação sequencial 2012
520 ## - NOTA DE RESUMO, ETC
Resumo, etc. Nesta antologia, há meninas que vivem paixões platônicas por primos mais velhos; adolescentes que se encontram e se desencontram ao longo da vida movendo-se pelo sentimento que sentem um pelo outro; mulheres que só aceitam se casar à beira da morte; meninas inocentes que se apaixonam por vigaristas descompromissados; paixões que evidenciam questões raciais; meninos que amam pássaros; um homem que é louco pelo nome de uma mulher; uma certa Lua que se apaixona perdidamente pelo planeta Terra e se torna cada vez mais pálida e avoada; amores frustrados pela timidez, entre demais suspiros e taquicardias. Durante a leitura deste livro, abra o coração e acompanhe as narrativas de estilos variados, escute as vozes de grandes autores.identifique o maior sentimento do mundo nos mais diferentes lugares. o mais universal e onipresente dos sentimentos: acontece em todas as idades, entre pais e filhos, namorados, amigos, entre humanos e animais, e que atire a primeira pedra quem nunca viveu um grande amor.
650 #4 - ASSUNTO--TERMO TÓPICO
Cabeçalho tópico ou nome geográfico Literatura Infanto Juvenil
650 #4 - ASSUNTO--TERMO TÓPICO
Cabeçalho tópico ou nome geográfico Histórias Curtas
650 #4 - ASSUNTO--TERMO TÓPICO
Cabeçalho tópico ou nome geográfico Relacionamentos
650 #4 - ASSUNTO--TERMO TÓPICO
Cabeçalho tópico ou nome geográfico Amor
650 #4 - ASSUNTO--TERMO TÓPICO
Cabeçalho tópico ou nome geográfico Romance
650 #4 - ASSUNTO--TERMO TÓPICO
Cabeçalho tópico ou nome geográfico Mitos, Fábulas ou Contos
650 #4 - ASSUNTO--TERMO TÓPICO
Cabeçalho tópico ou nome geográfico Literatura Brasileira
650 #4 - ASSUNTO--TERMO TÓPICO
Cabeçalho tópico ou nome geográfico Coletânea
942 ## - ELEMENTOS DE ENTRADA ADICIONADOS (KOHA)
Tipo de material Koha Livros
Holdings
Situação do descarte Situação das perdas Situação física Não pode ser emprestado Biblioteca de origem Biblioteca atual Data de aquisição Total de empréstimos Número de chamada completo Código de barras Data de último acesso Data do preço efetivo Tipo de material Koha
        Canadian School of Niterói - Itacoatiara Canadian School of Niterói - Itacoatiara 09/02/2024   ASS A07082 09/02/2024 09/02/2024 Livros